000 00885cam a2200265 a 4500
001 000008444
005 20200929161337.0
008 020110s2001 ck a 001 j spa c
020 _a9583008206 (pbk.)
040 _aDO-SdBNP
_cGZM
_dDLC
082 _aCo863.44
_bR621f
100 1 _aFlaminio Rivera, Carlos,
_d1960-
_922729
245 1 3 _aLa mirada sumergida :
_bcuentos en el tiempo /
_cCarlos Flaminio Rivera ; edición, Alfonso Mora Jaime.
246 3 0 _aCuentos en el tiempo
260 _aBogotá :
_bPanamericana,
_c2001.
300 _a144 p. :
_bil. ;
_c21 cm.
490 1 _aLetras latinoamericanas
650 4 _aCuentos colombianos
_921475
650 4 _aLiteratura colombiana
_91244
650 4 _aSueños
_xCuentos
_922730
700 1 _aMora Jaime, Alfonso
_eed.
_922731
830 0 _aLetras latinoamericanas.
_922732
910 _aCatalogación por copia / LC
049 _aBNGR
999 _c8215
_d8215